000 00585nam a22002057a 4500
003 KOHA_MİRAKIL
005 20260331104130.0
008 260331b tu ||||| |||| 00| 0 tur d
020 _a9789757433262
040 _aTR-AnABB
_btur
_cTR-AnABB
041 _atur
082 _a814.42
_bDAR 2010
100 1 _aDarende, Daver
245 1 0 _aÇok renktir İstanbul /
_cDaver Darende
260 _aAnkara :
_bElma teknik basım matbaacılık,
_c2010
300 _a156 sayfa ;
_c20 cm
500 _ayazar imzalı
650 0 4 _aTürk edebiyatı, denemeler
942 _2ddc
_cBK
999 _c10107
_d10107
900 _bCem ÖZOGLU